000
00260nam a2200109Ia 4500
008
220216s9999 xx 000 0 und d
100
_a
Philip A
245
0
_a
Rubberinu valam ideel: Pothu suparshakal
260
_b
Rubber
_c
2010
300
_a
13-15
942
_c
BS
999
_c
48588
_d
48588